Datum a čas kvízu
11.5
Celkem bodů
Celkový počet nahraných bodů na tomto kvízu bez doplňovacích otázek.
6.
Pořadí na kvízu
Konečné umístění týmu na tomto kvízu.
Zaznamenané odpovědi
| # | Otázka | Odpověď | Body | Výsledky |
|---|---|---|---|---|
| 1. | Lele Ceterové, partnerce bojov... | Rocky | 1 | |
| 2. | Odstupující premiérce Angele M... | Nina Hagen | 0 | |
| 3. | Minulý týden jsme se dozvěděli... | Iva Pazderková | 0 | |
| 4. | Životní úroveň v Česku se loni... | Lucembursko | 0 | |
| 5. | Brankář týmu Arizona Coyotes s... | Karel Vejmelka | 0 | |
| 6. | Po slavných psech a koních při... | 1963 (Uznáváme 1960–66.) | 0 | |
| 7. | Kočka na obrázku pochází ze st... | Simonova kočka (Simon's Cat) | 0 | |
| 8. | Kočku na obrázku nejspíš někdy... | C. Tardar Sauce | 0 | |
| 9. | Neopomeneme ani slavné literár... | Hunger Games | 0 | |
| 10. | Téma slavných koček zakončíme... | Bastet | 0 |